The modern English prison
| Autor principal: | |
|---|---|
| Tipo de documento: | Print Libro |
| Lenguaje: | Inglés |
| Publicado: |
London
Routledge
1934
|
| En: | Año: 1934 |
| Disponibilidad en Tübingen: | Disponible en Tübingen. UB: KB 12 A 264 |
| Availability in Albert-Krebs Library: | NZ.20.002 1996-719 |
| Verificar disponibilidad: | HBZ Gateway |
| Servicio de pedido Subito: | Pedir ahora. |
| Palabras clave: |
MARC
| LEADER | 00000cam a22000002c 4500 | ||
|---|---|---|---|
| 001 | 1092081771 | ||
| 003 | DE-627 | ||
| 005 | 20251224220420.0 | ||
| 007 | tu | ||
| 008 | 901029s1934 xx ||||| 00| ||eng c | ||
| 035 | |a (DE-627)1092081771 | ||
| 035 | |a (DE-576)022081771 | ||
| 035 | |a (DE-599)BSZ022081771 | ||
| 035 | |a (OCoLC)03457124 | ||
| 040 | |a DE-627 |b ger |c DE-627 |e rakwb | ||
| 041 | |a eng | ||
| 082 | 0 | |a 365.942 | |
| 084 | |a 2,1 |2 ssgn | ||
| 100 | 1 | |a Fox, Lionel W. |d 1895-1961 |0 (DE-588)101840756 |0 (DE-627)690382049 |0 (DE-576)356876721 |4 aut | |
| 109 | |a Fox, Lionel W. 1895-1961 |a Fox, Lionel Sir 1895-1961 |a Fox, Lionel Wray 1895-1961 | ||
| 245 | 1 | 4 | |a The modern English prison |c L. W. Fox |
| 264 | 1 | |a London |b Routledge |c 1934 | |
| 300 | |a XIV, 263 S. | ||
| 336 | |a Text |b txt |2 rdacontent | ||
| 337 | |a ohne Hilfsmittel zu benutzen |b n |2 rdamedia | ||
| 338 | |a Band |b nc |2 rdacarrier | ||
| 583 | 1 | |a Archivierung prüfen |c 20200919 |f DE-640 |z 1 |2 pdager | |
| 583 | 1 | |a Archivierung/Langzeitarchivierung gewährleistet |f SSG |x XA-DE-BW |2 pdager |5 DE-21 | |
| 650 | 4 | |a Strafvollzug |7 (dpeaa)DE-2619 | |
| 651 | 7 | |0 (DE-588)4022153-2 |0 (DE-627)104665513 |0 (DE-576)208942076 |a Großbritannien |2 gnd |7 (dpeaa)DE-2619 | |
| 935 | |a mkri | ||
| 951 | |a BO | ||
| ELC | |b 1 | ||
| LOK | |0 000 xxxxxcx a22 zn 4500 | ||
| LOK | |0 001 2153362148 | ||
| LOK | |0 003 DE-627 | ||
| LOK | |0 004 1092081771 | ||
| LOK | |0 005 20020606000000 | ||
| LOK | |0 008 901029||||||||||||||||ger||||||| | ||
| LOK | |0 040 |a DE-21 |c DE-627 |d DE-21 | ||
| LOK | |0 852 |a DE-21 | ||
| LOK | |0 852 1 |c KB 12 A 264 |9 00 | ||
| LOK | |0 935 |a krim | ||
| LOK | |0 936ln |a k12.2 | ||
| LOK | |0 939 |a 29-10-90 |b l01 | ||
| LOK | |0 000 xxxxxcx a22 zn 4500 | ||
| LOK | |0 001 4196236715 | ||
| LOK | |0 003 DE-627 | ||
| LOK | |0 004 1092081771 | ||
| LOK | |0 005 20221011150118 | ||
| LOK | |0 008 221011||||||||||||||||ger||||||| | ||
| LOK | |0 035 |a (DE-2619)k00706 | ||
| LOK | |0 040 |a DE-2619 |c DE-627 |d DE-2619 | ||
| LOK | |0 092 |o n | ||
| LOK | |0 541 |e Bestand Albert-Krebs-Bibliothek: 1996-719 | ||
| LOK | |0 852 |a DE-2619 | ||
| LOK | |0 852 1 |c NZ.20.002 |m p |9 00 | ||
| LOK | |0 935 |a kreb | ||
| LOK | |0 938 |k p | ||
| LOK | |0 939 |a 11-10-22 |b l01 | ||
| ORI | |a SA-MARC-krimdoka001.raw | ||
| SIG | |a UB: KB 12 A 264 | ||
